| 000 | 00339nam a2200109Ia 4500 | ||
|---|---|---|---|
| 008 | 171211s9999 xx 000 0 und d | ||
| 245 | _aArm Bars and Joint Locks: Arm Bars and Joint Locks (Ground Fighting) | ||
| 245 | _cGeoff Thompson | ||
| 260 | _c2001 | ||
| 650 | _xMartial Arts | ||
| 856 | _uhttp://down.ebook777.com/065/9781840241761.pdf | ||
| 999 |
_c348171 _d348171 |
||